Score 0/18 Timer 03:00
0 Plays Today
Hint Word % Correct
MDIBUHSDBuddhism
75.3%
All of which are...Religions
75.1%
AHAI'BBaha'i
73.7%
SYITNIICRHTAChristianity
73.6%
SMILAIslam
69.7%
IDNHUMISHinduism
68.8%
SIUMAJDJudaism
66.8%
NHTOISShinto
65.1%
SISHIKMSikhism
49.8%
Hint Word % Correct
RAHE NIRHASKHare Krishna
47.9%
AASRRTAFIRastafari
42.4%
OSMITATaoism
36.2%
JMIIANSJainism
28.4%
AOSTORMRNIZSIAZoroastrianism
27.1%
FIISMCCOANNUConfucianism
26.9%
TCGSYLNIEOOScientology
22.1%
NSOSMIGITCGnosticism
9.6%
RAUNTANII SSLVUREMIAINUnitarian Universalism
5.9%

You're not logged in!

Compare scores with friends on all Sporcle quizzes.
OR
Log In

Sporcle TV

Today on Sporcle TV


Watch our educational content, quiz creation guides, and fun videos on Sporcle TV.

Show Comments

Extras

Top Quizzes Today


Score Distribution

Your Account Isn't Verified!

In order to create a playlist on Sporcle, you need to verify the email address you used during registration. Go to your Sporcle Settings to finish the process.

Report this User

Report this user for behavior that violates our Community Guidelines.

Details: